| 000 | 01746cam a2200289 a 4500 | ||
|---|---|---|---|
| 005 | 20260322212037.0 | ||
| 008 | data | ||
| 010 | _a 2008053700 | ||
| 020 | _a9781401921736 (alk. paper) | ||
| 020 | _a1401921736 | ||
| 040 |
_aDLC _cDLC |
||
| 050 | 0 | 0 |
_aBF441 _b.D94 2009 |
| 082 | 0 | 0 |
_a158.1 _222 |
| 092 | _a158.1 D94 2009 | ||
| 100 | 1 | _aDyer, Wayne W. | |
| 245 | 1 | 0 |
_aExcuses begone! : _bhow to change lifelong, self-defeating thinking habits / _cWayne W. Dyer. |
| 250 | _a1st ed. | ||
| 260 |
_aCarlsbad, Calif. : _bHay House, _c2009. |
||
| 300 |
_axiii, 257 p. ; _c24 cm. |
||
| 505 | 0 | _aIdentifying and removing habitual thinking -- Yes, you can change old habits -- Your two minds -- Your excuse catalog -- The key excuses begone principles -- The first principle : awareness -- The second principle : alignment -- The third principle : now -- The fourth principle : contemplation -- The fifth principle : willingness -- The sixth principle : passion -- The seventh principle : compassion -- The excuses begone paradigm shift -- A new way of looking at changing old thinking habits -- The first question : is it true? -- The second question : where did the excuses come from? -- The third question : what's the payoff? -- The fourth question : what would my life look like if I couldn't use these excuses? -- The fifth question : can I create a rational reason to change? -- The sixth question : can I access universal cooperation in shedding old habits? -- The seventh question : how do I continuously reinforce this new way of being?. | |
| 650 | 0 | _aThought and thinking. | |
| 650 | 0 | _aSelf-defeating behavior. | |
| 650 | 0 | _aChange (Psychology) | |
| 650 | 0 | _aSelf-actualization (Psychology) | |
| 650 | 0 | _aHabit breaking. | |
| 001 | data | ||
| 999 |
_c873 _d873 |
||